|
|
|
|
| LEADER |
00000naa2a2200000 4500 |
| 001 |
206452 |
| 005 |
20231031190720.0 |
| 035 |
|
|
|a (RuTPU)RU\TPU\book\225056
|
| 035 |
|
|
|a RU\TPU\book\225053
|
| 090 |
|
|
|a 206452
|
| 100 |
|
|
|a 20120111d1971 k y0rusy50 ca
|
| 101 |
0 |
|
|a rus
|
| 102 |
|
|
|a RU
|
| 200 |
1 |
|
|a О процессах поглощения торфом аммиачного азота
|f К. И. Чекалов, В. И. Бакушева
|
| 320 |
|
|
|a Библиогр.: с. 130 (8 назв.)
|
| 463 |
|
0 |
|0 (RuTPU)RU\TPU\book\225023
|t Добыча, переработка и использование торфа
|f Всесоюзный научно-исследовательский институт торфяной промышленности
|v С. 123-130
|d 1971
|p 150 с.
|s Труды Всесоюзного научно-исследовательского института торфяной промышленности ; Вып. 31
|
| 700 |
|
1 |
|a Чекалов
|b К. И.
|
| 701 |
|
1 |
|a Бакушева
|b В. И.
|
| 801 |
|
1 |
|a RU
|b 63413507
|c 20120111
|
| 801 |
|
2 |
|a RU
|b 63413507
|c 20120111
|g RCR
|
| 942 |
|
|
|c BK
|